|
|
|
|
| LEADER |
00000nam0a2200000 4500 |
| 001 |
286431 |
| 005 |
20231101235907.0 |
| 035 |
|
|
|a (RuTPU)RU\TPU\book\310741
|
| 090 |
|
|
|a 286431
|
| 100 |
|
|
|a 20150305d1985 km y0rusy50 ca
|
| 101 |
0 |
|
|a rus
|
| 102 |
|
|
|a RU
|
| 105 |
|
|
|a y z 001zy
|
| 200 |
1 |
|
|a Международные концерны:социальная политика, пропаганда
|f Н. Г. Чичерина
|g Академия наук СССР (АН СССР) ; под ред. В. В. Мшвениерадзе
|
| 210 |
|
|
|a Москва
|c Наука
|d 1985
|
| 215 |
|
|
|a 352 с.
|
| 320 |
|
|
|a Библиография в ссылках.
|
| 606 |
1 |
|
|a Международные монополии
|2 stltpush
|3 (RuTPU)RU\TPU\subj\41929
|9 61697
|
| 610 |
1 |
|
|a международные корпорации
|
| 610 |
1 |
|
|a концерны
|
| 610 |
1 |
|
|a социальная политика
|
| 610 |
1 |
|
|a социальная пропаганда
|
| 610 |
1 |
|
|a международные фирмы
|
| 610 |
1 |
|
|a мультинациональные компании
|
| 610 |
1 |
|
|a государство
|
| 686 |
|
|
|a У80-13
|v LBC/SL-A
|2 rubbk
|
| 700 |
|
1 |
|a Чичерина
|b Н. Г.
|g Нина Георгиевна
|
| 702 |
|
1 |
|a Мшвениерадзе
|b В. В.
|4 340
|
| 712 |
0 |
2 |
|a Академия наук СССР (АН СССР)
|c (Ленинград/Москва)
|c (1925-1991)
|2 stltpush
|3 (RuTPU)RU\TPU\col\722
|
| 801 |
|
1 |
|a RU
|b 63413507
|c 20150305
|
| 801 |
|
2 |
|a RU
|b 63413507
|c 20180323
|g RCR
|
| 942 |
|
|
|c BK
|